00000000nas 2200000za 4500
0019.864634
003CaOODSP
00520250403110144
007cr |||||||||||
008181113d19701980oncar p oss  f000#b0fre| 
022 |y0384-4161
040 |aCaOODSP|bfre
041 |aeng|afre
043 |an-cn---
0861 |aCS35-214-PDF
1300 |aElectric lamp and shade manufacturers (Final)
24500|aElectric lamp and shade manufacturers |h[ressource électronique] / |cStatistics Canada, Manufacturing and Primary Industries Division = Industrie des lampes électriques et des abat-jour / Statistique Canada, Division des industries manufacturières et primaires.
24611|aIndustrie des lampes électriques et des abat-jour
260 |aOttawa : |bStatistics Canada =Statistique Canada, Division des industries manufacturières et primaires, |c1972-1982.
300 |a11 v.
310 |aAnnuel
3620 |a1970-1980.
4900 |aAnnual census of manufactures = Recensement annuel des manufactures
500 |aÉdition numérisée de l’imprimé [par Statistique Canada]
546 |aTexte en anglais et en français.
550 |aPublié 1979-1980, par la Section des machines, du bois et des produits en métal.
580 |aSuivi de : Miscellaneous furniture industries.
580 |aFusionné avec: Battery manufacturers (Final); Manufacturers of miscellaneous electrical products (Final); and, Manufacturers of lighting fixtures (Final) et devient: Miscellaneous electrical industries.
69207|2gccst|aIndustrie de l'électronique
69207|2gccst|aIndustrie du meuble
69207|2gccst|aIndustrie de la fabrication
7101 |aCanada. |bStatistique Canada. |bSection des machines, du bois et des produits en métal.
7101 |aCanada. |bStatistique Canada. |bDivision des industries manufacturières et primaires.
7102 |aStatistique Canada.
78000|tElectric lamp and shade industry |w(CaOODSP)9.864632
78500|tMiscellaneous electrical industries |w(CaOODSP)9.833019
791 |tElectric lamp and shade manufacturers |eeng|w(CaOODSP)9.864633